00424nam a2200145Ia 4500100002000000942000700020654001500027245002600042260003300068082001800101300000800119546001200127999001700139952012200156 aParker/Sybil P  cBK adictionary aDictionary of physics bMc Graw HillaNew Yorkc1985 a530.0321bPAR a646 aENGLISH c32760d32760 001040708CRCaCRCEbCRCEc1524 | 72d2023-03-17g151.05l0o530.0321 PARp2355r2023-03-17v151.05w2023-03-17yBK